Balkan war 1 - countries - Statistics

General Stats
  • This quiz has been taken 19 times
  • The average score is 5 of 5
Answer Stats
Side Answer % Correct
Balkan League Serbia
100%
Balkan League Bulgaria
95%
Ottomons Turkey
95%
Balkan League Greece
89%
Balkan League Montenegro
89%
No matching quizzes found
Score Distribution
Percent of People with Each Score
Percentile by Number Answered
Your Score History
You have not taken this quiz